000 00604nam a2200169Ia 4500
008 090201s9999 xx 000 0 und d
010 _aKPL-9084
040 _bमराठी
041 _aमराठी
082 _a40050
_b9084
100 _aमध्ुसुदन कालेलकर
245 _aदिल्या घरी तु सुखी रहा
_cमध्ुसुदन कालेलकर
260 _c2004
_bरंजना प्रकाशन
300 _a96
_bमोठा
600 _aदिल्या घरी तु सुखी रहा
942 _cBOOK
999 _c237330
_d237330